000
00369nam a22001577a 4500
003
MPLRDC
005
20220104144412.0
008
210129b ||||| |||| 00| 0 eng d
082
_a
848.1 LX-72
100
_a
鲁迅著
245
_a
鲁迅自选全集
_c
260
_a
_b
远东图书公司
_c
300
_b
平
650
_a
现代别集
942
_c
BK
_o
848.1 LX-72
999
_c
49259
_d
49249